000 00444nam a2200169 i 4500
001 bg
100 1 _aBUDNY, Szymon
245 0 _aO przedniejszych wiary chrystyjaƄskiej artykulech /
_cSz.Budny.
260 _aWarszawa,
_c1989.
490 1 _aBiblioteka Pisarzy Reformacyjnych
830 _aBiblioteka Pisarzy Reformacyjnych
040 _cBPK
041 _apol
080 _a28
942 _cKS
008 s pl f |000 0 pol
999 _c29085
_d29085
856 _uhttp://koha.tu.koszalin.pl/cgi-bin/koha/opac-detail.pl?biblionumber=29085
_yKatalog online BPK